| 000 | 00746nam a22002417a 4500 | ||
|---|---|---|---|
| 005 | 20170124110003.0 | ||
| 010 | _aA-727899 | ||
| 020 |
_c00.00 _a8170246490 |
||
| 035 | _aA-727899 | ||
| 037 | _bCen Lib/Ret | ||
| 040 |
_aDPL _bEN |
||
| 082 |
_a362.79 _bIND |
||
| 245 |
_aIndian youth : _cedited by Noor Mohammad [and] Abdul Matin _bproblems and prospects / |
||
| 260 |
_aNew Delhi _bAshish Publishing House _c1995 |
||
| 270 |
_bNew Delhi _a8/81, Punjabi Bagh _e110026 |
||
| 300 |
_axiv,229p. _c20cm(Hb) |
||
| 500 | _aIncludes index | ||
| 650 |
_aYouth -- India -- Congresses. _916170 |
||
| 650 |
_aYouth. _916171 |
||
| 700 |
_aNoor Mohammad _916172 |
||
| 700 |
_aAbdul Matin _916173 |
||
| 942 |
_2ddc _cEN _h362.79 _mIND |
||
| 999 |
_c125976 _d125976 |
||